| 000 | 00447nam a2200169Ia 4500 | ||
|---|---|---|---|
| 008 | 221030s9999 xx 000 0 und d | ||
| 020 | _a8178086522 | ||
| 041 | _aEnglish | ||
| 082 |
_a105.23 _bNem |
||
| 100 | _aE. Nemeth | ||
| 245 | 0 |
_aLinux Adminstration Handbook ( DEPARTMENTAL ) _cby E. Nemeth, G. Snyder |
|
| 260 |
_bPearson Education _aNew Delhi _c2003 |
||
| 300 | _a889 | ||
| 650 | _aCSE Departmental | ||
| 700 | _aG. Snyder | ||
| 942 | _cBK | ||
| 999 |
_c6504 _d6504 |
||